| 000 | 00626nam a2200193 i 4500 | ||
|---|---|---|---|
| 001 | 45292 | ||
| 003 | ES-MaACL | ||
| 005 | 20230906161207.0 | ||
| 007 | t| | ||
| 008 | 030325s1962 sp ||||1| spa d | ||
| 100 | 1 |
_aCocchi, U. _939387 |
|
| 245 | 1 | 0 |
_aRoentgendiagnóstico... / _cpor U. Cocchi y P. Thurn ; traducido y revisado por R. Quintana de Tortosa y L. Pedro-Solé. |
| 260 |
_aBarcelona, etc. : _b[Marin, _c1962] |
||
| 300 |
_aVIII, 341 p. : _bil. ; _c26 cm. |
||
| 700 | 1 |
_aThurn, P. _9110187 |
|
| 700 | 1 |
_aQuintana de Tortosa, R. _994683 |
|
| 700 | 1 |
_aPedro-Solé, L. _989930 |
|
| 852 |
_aES-MaACL _jC-21865 _bR.50432 |
||
| 999 |
_c45292 _d45292 |
||